Sports Quiz

Random Sports Quiz
Score 0/47 Timer 10:00
0 Plays Today
Years Player % Correct
2008--Manuel Arboleda
92.8%
2010-12Artjoms Rudnevs
89.7%
2007--Luis Henriquez
88.7%
2008-12Semir Stilic
88.7%
2009--Jasmin Buric
88.7%
2007-09Hernan Rengifo
86.6%
2011--Aleksandar Tonev
85.6%
2007--Ivan Durdevic
84.5%
2007-12Dimitrije Injac
83.5%
2010-12Sergey Krivets
83.5%
2012--Kebba Ceesay
83.5%
2012--Gergo Lovrencsics
83.5%
2008-10Anderson Cueto
72.2%
2009-10Jan Zapotoka
68%
2009-10Gordan Golik
66%
2009Haris Handzic
64.9%
2006-08Henry Quinteros
61.9%
2007-10Zlatko Tanevski
60.8%
2010Joel Tshibamba
54.6%
2007-08Emilian Dolha
52.6%
2011Marciano Bruma
51.5%
2008-09Ivan Turina
49.5%
2011--Vojo Ubiparip
48.5%
2005-06Anderson
39.2%
Years Player % Correct
2005-06Pape Samba Ba
35.1%
2006-07Iliyan Mitsanski
34%
1995-98Sekou Drame
30.9%
2000Jimmy Conrad
26.8%
1995-96Gift Muzadzi
25.8%
1998-04Justin Nnorom
24.7%
2007Kristian Dobrev
24.7%
2005-06Ebrahim Savaneh
22.7%
2006Fernando Bonjour
19.6%
2003Mirko Poledica
16.5%
1992Derby Makinka
15.5%
2005Matias Favano
14.4%
2000Ian Russell
11.3%
1998Bleriot Heuyot
10.3%
1996George Mbwando
9.3%
1998Goko Petrusevski
9.3%
2001Mike Mouzie
9.3%
1996Elasto Lungu
8.2%
1999Aleksander Gruber
7.2%
2001Dondu Avaa
7.2%
1992Ihor Korniyets
6.2%
2000Volodymyr Yaroshchuk
2.3%
1991German Rodiguez
0%
Remove Ads.
Support Sporcle.
Get the best of Sporcle when you Go Orange. This ad-free experience offers more features, more stats, and more fun while also helping to support Sporcle. Thank you for becoming a member.

You're not logged in!

Compare scores with friends on all Sporcle quizzes.
OR
Log In

Show Comments

Extras

Created Jan 2, 2013ReportNominate
Tags:Nationality, Player

Top Quizzes Today


Score Distribution

Your Account Isn't Verified!

In order to create a playlist on Sporcle, you need to verify the email address you used during registration. Go to your Sporcle Settings to finish the process.

Report this User

Report this user for behavior that violates our Community Guidelines.

Details: